000 00999nam a22002537a 4500
003 DO-SdBNP
005 20240307174645.0
008 201012b 2004 dr a 00| 0 eng d
020 _a9993487759
040 _aDO-SdBNP
_bspa
_cBNPHU
082 4 _a796.357
_bI58b
_222
100 1 0 _aInoa, Orlando
_95784
245 1 _aEl béisbol en República Dominicana :
_b crónica de una pasión /
_cOrlando Inoa, Héctor J. Cruz.
260 _aSanto Domingo :
_bAmigo del Hogar,
_c2004.
300 _a450 p. :
_bil. ;
_c30 cm
490 _aCultural Verizon
_v7
505 _aEL béisbol dominicano : 70 años de historia 1891-1961 13 -- El béisbol dominicano 175 -- Fuentes de las fotografías 447
590 _aInventariado, 2020 / DG
650 4 _aBéisbol
_zRepública Dominicana
_xHistoria
_977912
_y1891-1961.
650 4 _aPeloteros
_zRepublica Dominicana
_vBiografías
_978874
700 1 _aCruz, Hèctor J.
_945957
910 _aInventariado, 2020 / DG/Validado. Control de calidad MFF
942 _2ddc
_cLF1
999 _c48866
_d48866